000 00371 a2200121 4500
001 ART_55251
005 20260410162048.0
008 260409a
245 1 0 _aLa tortuosa vida del agente de recaudación en la Republica Argentina:
100 1 _aStok, Leandro
700 1 _aAtchabahian, Abel A.
773 0 _tImpuestos
_g- N°113 (dic. 2021)
_wREV45175
999 _c35495
_d35495